| 000 | 00828nam a22002537a 4500 | ||
|---|---|---|---|
| 005 | 20180704172858.0 | ||
| 010 | _aENG-104897 B-489024-025 | ||
| 020 |
_a9788120345102 _c350.00 |
||
| 035 | _aEN-88430 B-489024-025 ,A-950906 | ||
| 037 | _bDBAD/PUB | ||
| 037 | _bStar Pub/Ven | ||
| 082 | _a624.151 | ||
| 100 | _aIqbal H. Khan | ||
| 245 |
_aTextbook of geotechnical engineering / _cby Iqbal H. Khan |
||
| 250 | _a3rd ed | ||
| 260 |
_aNew Delhi _bPHI Learning _c2012 |
||
| 270 |
_aM-97, Connaught Circus _bNew Delhi _e110001 |
||
| 300 |
_ax,496p. : _c24cm(pbk) _bill. |
||
| 500 | _aIncludes index | ||
| 650 | _aEngineering geology | ||
| 650 | _aSoil mechanics | ||
| 942 |
_2ddc _cEN _mIQB _h624.151 |
||
| 999 |
_c64415 _d64415 |
||